00000000nam##2200000za#4500
0019.623450
003CaOODSP
00520200401044902
007ta
008150406|1994||||xxc|||||     f|0| 0 fre|d
020 |a0-662-80434-1
022 |a1188-7990
040 |aCaOODSP|bfre
043 |an-cn---
0861 |aEn1-17/13-1994F
1101 |aCanada. |bEnvironnement Canada. |bService de la protection de l'environnement.
24510|aEaux usées industrielles: traitement par boues activées et étangs aérés d'effluents d'usines de désencrage : |bessais pilotes et transfert à l'échelle industrielle / |cpar Pierre Sylvestre.
260 |aMontréal - Québec : |bEnvironnement Canada. |c1994.
300 |a4p. : |bfigures en couleur, tableaux ; |c28 cm.
4901 |aTechnologies Saint-Laurent|x1188-7990
563 |aDépliant
590 |a95-29|b1995-07-21
69107|aGestion des déchets|2gcpds
69107|aIndustrie des pâtes et papiers|2gcpds
7201 |aSylvestre, Pierre
77508|tIndustrial wastewater: treatment of de-inking effluents by activated sludge and aerated lagoon systems : |w(CaOODSP)9.612474
7760#|tEaux usées industrielles. Traitement par boues activées et étangs aérés d'effluents d'usines de désencrage : |w(CaOODSP)9.601847
830#0|aTechnologies Saint-Laurent,|x1188-7990|w(CaOODSP)9.512939